District of Columbia Fair and Equal House Voting Rights Act of 2006 : hearing before the Subcommittee on the Constitution of the Committee on the Judiciary, House of Representatives, One Hundred Ninth Congress, second session, on H.R. 5388, September 14, 2006.

Bibliographic Details
Corporate Authors: United States. Congress. House. Committee on the Judiciary. Subcommittee on the Constitution, ProQuest (Firm)
Format: eBook
Language:English
Published: Washington : U.S. G.P.O. : 2006.
Series:U.S. Congressional Hearings.
Subjects:
Online Access:Connect to the full text of this electronic book

MARC

Tag First Indicator Second Indicator Subfields
LEADER 00000cam a22000001a 4500
001 in00003285607
006 m d f
007 cr bn mmmapmmp
008 110909s2006 dcu ob f000 0 eng d
005 20260504200226.7
035 |a chdc200600623 
040 |a ProQuest  |c ProQuest  |d UtOrBLW 
043 |a n-us--- 
074 |a 1020-A 
074 |a 1020-A (online) 
074 |a 1020-B (MF) 
074 |a 1020-B (online) 
088 |a Serial no. 109-140 (United States. Congress. House. Committee on the Judiciary) 
099 |a HRG-2006-HJH-0004 
110 1 |a United States.  |b Congress.  |b House.  |b Committee on the Judiciary.  |b Subcommittee on the Constitution. 
245 1 0 |a District of Columbia Fair and Equal House Voting Rights Act of 2006 :  |b hearing before the Subcommittee on the Constitution of the Committee on the Judiciary, House of Representatives, One Hundred Ninth Congress, second session, on H.R. 5388, September 14, 2006. 
264 1 |a Washington :  |b U.S. G.P.O. :  |c 2006. 
264 2 |a Washington :  |b For sale by the Supt. of Docs., U.S. G.P.O., 
300 |a 1 online resource. 
336 |a text  |b txt  |2 rdacontent 
337 |a computer  |b c  |2 rdamedia 
338 |a online resource  |b cr  |2 rdacarrier 
500 |a Distributed to some depository libraries in microfiche. 
500 |a Shipping list number unavailable. 
500 |a "Serial number 109-140." 
504 |a Includes bibliographical references. 
530 |a Also available via Internet from the GPO Access web site. Address as of 12/12/06: http://frwebgate.access.gpo.gov/cgi-bin/getdoc.cgi?dbname=109_house_hearings&docid=f:29872.pdf; current access is available via PURL. 
500 |a Reuse of record except for individual research requires license from ProQuest, LLC. 
500 |a Electronic resource. 
538 |a System requirements: PDF reader software. 
610 1 0 |a United States.  |b Congress.  |b House  |x Voting. 
610 1 0 |a United States.  |b Congress.  |b House  |x District of Columbia voting rights. 
650 0 |a Representative government and representation  |z Washington (D.C.) 
651 0 |a Washington (D.C.)  |x Politics and government  |y 1995- 
655 7 |a Electronic books.  |2 local 
710 2 |a ProQuest (Firm) 
776 0 8 |i Print version:   |a United States.Congress.House.Committee on the Judiciary.Subcommittee on the Constitution.  |t District of Columbia Fair and Equal House Voting Rights Act of 2006  |w (DLC)2006470504  |w (OCoLC)ocm76953491  |w (OCoLC)76953491  |z 016077554X  |z 9780160775543 
776 0 8 |i Microfiche version:   |a United States.Congress.House.Committee on the Judiciary.Subcommittee on the Constitution.  |t District of Columbia Fair and Equal House Voting Rights Act of 2006  |d [Bethesda, Md.] : ProQuest LLC, [2004]  |o CIS 2006 H521-94  |w (ProQuest)cis00600969 
830 0 |a U.S. Congressional Hearings. 
856 4 0 |u http://proxy.library.tamu.edu/login?url=https://congressional.proquest.com/congcomp/getdoc?HEARING-ID=HRG-2006-HJH-0004  |z Connect to the full text of this electronic book  |t 0 
998 |a cis00600969 
999 |a MARS 
999 f f |s 0427fd6c-5ac4-3117-b5fd-54ca24e52d62  |i 3d00db89-6dee-341a-a023-f80729c18d4e  |t 0 
952 f f |a Texas A&M University  |b College Station  |c Electronic Resources  |s www_evans  |d Available Online  |t 0  |e HRG-2006-HJH-0004  |h Other scheme 
998 f f |a HRG-2006-HJH-0004  |t 0  |l Available Online